Savannah Bananas 2026 Roster - Statistics

General Stats
  • This quiz has been taken 10 times
  • The average score is 11 of 25
Answer Stats
Answer % Correct
Coach RAC
89%
KJ Jackson
89%
Ty Jackson
89%
Jackson Olson
67%
Ryan Cox
67%
Bill LeRoy
56%
Danny Hosley
56%
Dan Oberst
56%
Dr Meadows
56%
Alex Ziegler
44%
Kyle Luigs
44%
Max Jung-Goldberg
44%
Reece Alexiades
44%
Bryce Grizzaffi
33%
Easton Parrish
33%
Grant Besser
33%
JT Sokolove
33%
Noah Niznik
33%
Allan Saathoff
22%
Austin Drury
22%
Connor Harris
22%
Dakota Albritton
22%
Trystan Levesque
22%
Frankie Moscatiello
11%
Jacob Balaza
0%
No matching quizzes found
Score Distribution
Percent of People with Each Score
Percentile by Number Answered
Your Score History
You have not taken this quiz